Score 0/10 Timer 02:00
0 Plays Today
Latin/English word English/Latin word % Correct
Give the Latin root for the word 'lachrymose'.lacrima
86.7%
effigies, effigieiimage, statue
73.3%
haurio, haurireto drain, drink up
73.3%
light, trivial, changeablelevis
66.7%
haereo, haerereto cling, stick to, linger
60%
gracilisslender, graceful
60%
improbuswicked, relentless, dishonest
53.3%
to injurelaedo, laedere
40%
to hidelateo, latere
40%
dreadful, awfuldirus
33.3%
Remove Ads.
Support Sporcle.
Get the best of Sporcle when you Go Orange. This ad-free experience offers more features, more stats, and more fun while also helping to support Sporcle. Thank you for becoming a member.

You're not logged in!

Compare scores with friends on all Sporcle quizzes.
OR
Log In

Show Comments

Extras

Top Quizzes Today


Score Distribution

Your Account Isn't Verified!

In order to create a playlist on Sporcle, you need to verify the email address you used during registration. Go to your Sporcle Settings to finish the process.

Report this User

Report this user for behavior that violates our Community Guidelines.

Details: